Countries with the Death Penalty (as of 2011) - Statistics

General Stats
  • This quiz has been taken 2,311 times
    2,298 since last reset
  • The average score is 40 of 57
Answer Stats
Hint Answer % Correct
Americas United States
96%
Asia China
95%
Asia Iran
89%
Asia India
88%
Asia Iraq
88%
Asia Saudi Arabia
88%
Asia Pakistan
86%
Asia Japan
85%
Asia Afghanistan
84%
Africa Egypt
84%
Asia Indonesia
84%
Asia North Korea
83%
Asia Yemen
83%
Asia Oman
82%
Asia United Arab Emirates
80%
Asia Thailand
79%
Asia Vietnam
79%
Asia* Palestine
78%
Africa Sudan
78%
Asia Syria
78%
Americas Cuba
77%
Africa Libya
77%
Asia Qatar
77%
Asia Malaysia
75%
Asia Bahrain
74%
Asia Jordan
74%
Africa Somalia
74%
Africa Chad
73%
Asia Kuwait
73%
Africa Nigeria
73%
Asia Bangladesh
72%
Asia Lebanon
71%
Africa Congo
70%
Africa Ethiopia
69%
Asia Singapore
69%
Africa Zimbabwe
68%
Americas Jamaica
67%
Asia Mongolia
65%
Americas Barbados
64%
Americas Dominica
64%
Americas Antigua and Barbuda
63%
Americas Bahamas
63%
Europe Belarus
63%
Asia Taiwan
61%
Americas St Kitts and Nevis
60%
Africa Uganda
60%
Americas St Lucia
59%
Americas Trinidad and Tobago
59%
Americas Belize
58%
Americas St Vincent and the Grenadines
58%
Africa Guinea
52%
Africa Botswana
51%
Africa Lesotho
48%
Americas Guyana
46%
Africa Sierra Leone
46%
Africa Comoros
44%
Africa Equatorial Guinea
41%
No matching quizzes found
Score Distribution
Percent of People with Each Score
Percentile by Number Answered
Your Score History
You have not taken this quiz since the last reset